| 000 | 01265cam a2200313 a 4500 | ||
|---|---|---|---|
| 001 | 15004347 | ||
| 003 | ARRUPE | ||
| 005 | 20150307020006.0 | ||
| 008 | 070912s2008 mau b 001 0 eng | ||
| 010 | _a 2007037715 | ||
| 020 | _a9781565632240 (pbk. : alk. paper) | ||
| 020 | _a1565632249 (pbk. : alk. paper) | ||
| 035 | _a(OCoLC)ocn173135912 | ||
| 035 | _a(OCoLC)173135912 | ||
| 040 |
_aDLC _cDLC _dBAKER _dBTCTA _dC#P _dBWX _dYDXCP _dDLC |
||
| 050 | 0 | 0 |
_aBS1525.53 _b.L66 2008 |
| 082 | 0 | 0 |
_a224/.207 _222 |
| 100 | 1 |
_aLongman, Tremper. _914983 |
|
| 245 | 1 | 0 |
_aJeremiah, Lamentations / _cTremper Longman III. |
| 260 |
_aPeabody, Mass. : _bHendrickson Publishers ; _aMilton Keynes, UK : _bPaternoster Press, _c2008. |
||
| 300 |
_axvi, 412 p. ; _c22 cm. |
||
| 440 | 0 |
_aNew International biblical commentary. _pOld Testament series ; _v14 _914984 |
|
| 504 | _aIncludes bibliographical references (p. [395]-399) and indexes. | ||
| 630 | 0 | 0 |
_aBible. _pJeremiah _vCommentaries. _914985 |
| 630 | 0 | 0 |
_aBible. _pLamentations _vCommentaries. _914986 |
| 906 |
_a7 _bcbc _corignew _d1 _eecip _f20 _gy-gencatlg |
||
| 942 |
_2lcc _cMONOGRAPH _01 |
||
| 999 |
_c122003 _d122003 |
||